000
00488nam a2200169Ia 4500
008
100122s9999 xx 000 0 und d
082
_b
77101
_a
823.08
100
_a
नारायण आर के
245
_a
मालगुडी डेज्
250
_a
2
260
_c
2009
300
_a
304
630
_a
मालगुडी डेज्
700
_a
धर्मापुरीकर मधुकर
730
_a
मालगुडी डेज्
942
_c
BOOK
999
_c
394062
_d
394059